Tous les départements de France sur une carte (Click) - Statistiques

Statistiques générales
  • Ce quiz a été pris 64 fois
  • Le résultat moyen est 50 sur 104
Statistiques - réponses
Hint Réponse % Correct

Pyrénées-Orientales
67%

Finistère
64%

Landes
64%

Paris
64%

Alpes-de-Haute-Provence
62%

Bouches-du-Rhône
62%

Charente-Maritime
62%

Pas-de-Calais
62%

Eure
60%

Loire-Atlantique
60%

Moselle
60%

Pyrénées-Atlantiques
60%

Alpes-Maritimes
58%

Bas-Rhin
58%

Gard
58%

Rhône
58%

Territoire de Belfort
58%

Yvelines
58%

Calvados
56%

Charente
56%

Gironde
56%

Ille-et-Vilaine
56%

Saint-Pierre-et-Miquelon
56%

Val-d'Oise
56%

Aude
53%

Côtes-d'Armor
53%

Guadeloupe
53%

Guyane
53%

Haute-Savoie
53%

Hérault
53%

Jura
53%

Morbihan
53%

Oise
53%

Savoie
53%

Somme
53%

Deux-Sèvres
51%

Drôme
51%

Essonne
51%

Hautes-Alpes
51%

Haut-Rhin
51%

Hauts-de-Seine
51%

Loire
51%

Manche
51%

Orne
51%

Saône-et-Loire
51%

Seine-Maritime
51%

Ain
49%

Ardennes
49%

Ariège
49%

Cher
49%

Doubs
49%

Haute-Garonne
49%

Isère
49%

Meurthe-et-Moselle
49%

Seine-et-Marne
49%

Vosges
49%

Aveyron
47%

Côte-d'Or
47%

Dordogne
47%

Eure-et-Loir
47%

Hautes-Pyrénées
47%

La Réunion
47%

Loiret
47%

Mayenne
47%

Mayotte
47%

Meuse
47%

Nord
47%

Vaucluse
47%

Aisne
44%

Allier
44%

Cantal
44%

Creuse
44%

Lozère
44%

Vendée
44%

Wallis-et-Futuna
44%

Haute-Vienne
42%

Maine-et-Loire
42%

Polynésie française
42%

Seine-Saint-Denis
42%

Corrèze
40%

Gers
40%

Haute-Loire
40%

Lot
40%

Nièvre
40%

Puy-de-Dôme
40%

Sarthe
40%

Tarn
40%

Var
40%

Yonne
40%

Ardèche
38%

Haute-Marne
38%

Martinique
38%

Tarn-et-Garonne
38%

Val-de-Marne
38%

Vienne
38%

Aube
36%

Indre
36%

Loir-et-Cher
36%

Marne
36%

Haute-Saône
33%

Indre-et-Loire
33%

Lot-et-Garonne
33%

Saint-Martin
20%

Saint-Barthélemy
16%
Aucun quiz correspondant
Distribution des résultats
% des personnes avec chaque résultat
Percentile par nombre de réponses
Votre historique - résultats
Vous n’avez pas pris ce quiz